| 000 | 00586nam a22001811a 4500 | ||
|---|---|---|---|
| 020 | _c0.00 | ||
| 040 | _aNEGST Library - Kenya | ||
| 050 | _aBS 325.K4916 1965 | ||
| 100 | _aBible Society of Kenya | ||
| 245 |
_aKi~ri~kani~ro ki~ri~a ki~eru~ ki~a Jesu _h[Text] |
||
| 260 |
_aNairobi _bThe Bible Society of ken _cc1965 |
||
| 300 | _a213 p.; | ||
| 500 | _a"The New Testament in Kikuyu"- T.P. verso. [Africana] | ||
| 600 | _aBible N.T. Kikuyu, 1965 | ||
| 600 | _aKikuyu language - Texts | ||
| 852 | _928.00 | ||
| 999 |
_c43521 _d43497 |
||